Central Library OPAC University of Rajshahi

বঙ্গ সাহিত্যে হাস্যরসের ধারা / (Record no. 56356)

MARC details
000 -LEADER
fixed length control field 00852nam a22002417a 4500
001 - CONTROL NUMBER
control field 56356
003 - CONTROL NUMBER IDENTIFIER
rucl marc code BD-RjUL
005 - DATE AND TIME OF LATEST TRANSACTION
control field 20230227121619.0
008 - FIXED-LENGTH DATA ELEMENTS--GENERAL INFORMATION
fixed length control field 161128s1968 bg ||||| |||| 001 0 ben d
020 ## - INTERNATIONAL STANDARD BOOK NUMBER
Terms of availability : TK 14.00
035 ## - SYSTEM CONTROL NUMBER
System control number (BD-RjUL)56480
040 ## - CATALOGING SOURCE
Original cataloging agency BD-RjUL
Language of cataloging ben
Transcribing agency BD-RjUL
041 ## - LANGUAGE CODE
Language code of text/sound track or separate title ben
082 ## - DEWEY DECIMAL CLASSIFICATION NUMBER
Classification number 891.4407
Author mark and year GHB 1968
100 ## - MAIN ENTRY--PERSONAL NAME
Personal name ঘোষ, অজিতকুমার
9 (RLIN) 121928
245 10 - TITLE STATEMENT
Title বঙ্গ সাহিত্যে হাস্যরসের ধারা /
Statement of responsibility, etc. অজিতকুমার ঘোষ
250 ## - EDITION STATEMENT
Edition statement ২য় সং .
260 ## - PUBLICATION, DISTRIBUTION, ETC. (IMPRINT)
Place of publication, distribution, etc. কলিকাতা :
Name of publisher, distributor, etc. ভারতী লাইব্রেরী,
Date of publication, distribution, etc. ১৯৬৮
300 ## - PHYSICAL DESCRIPTION
Pagination ৩৭৬ পৃ. ;
Size ২৪ সেমি.
650 ## - SUBJECT ADDED ENTRY--TOPICAL TERM
Topical term or geographic name as entry element বাংলা হাস্যরস
9 (RLIN) 164412
Topical term or geographic name as entry element Bengali Joke
9 (RLIN) 164413
942 ## - ADDED ENTRY ELEMENTS (KOHA)
Source of classification or shelving scheme Dewey Decimal Classification
Koha item type Books
Holdings
Lost status Source of classification or shelving scheme Damaged status Not for loan Collection code Permanent Location Current Location Shelving location Date acquired Source of acquisition Cost, normal purchase price Total Checkouts Full call number Date last seen Copy number Koha item type
  Dewey Decimal Classification     Non-fiction Central Library, University of Rajshahi Central Library, University of Rajshahi   29/05/1973 Uttorbanga Library : Rajshahi 15.00   B 891.4407 GHB 1968 28/11/2016 C-2 Books
  Dewey Decimal Classification     Non-fiction Central Library, University of Rajshahi Central Library, University of Rajshahi   29/05/1973 Uttorbanga Library : Rajshahi 15.00   B 891.4407 GHB 1968 28/11/2016 C-3 Books